Những lời khuyên học sinh Đại học

Đã lưu trong:
書目詳細資料
主要作者: P G Grudinski
格式: 圖書
語言:Undetermined
出版: Hà Nội Thanh Niên 1980
主題:
標簽: 添加標簽
沒有標簽, 成為第一個標記此記錄!
Thư viện lưu trữ: Trung tâm Học liệu Trường Đại học Cần Thơ
LEADER 00518nam a2200169Ia 4500
001 CTU_17278
008 210402s9999 xx 000 0 und d
082 |a 371.8 
082 |b G885 
100 |a P G Grudinski 
245 0 |a Những lời khuyên học sinh Đại học 
245 0 |c P G Grudinski, M G Trilikin, P A Yonkin; Dịch giả: Hải Long 
260 |a Hà Nội 
260 |b Thanh Niên 
260 |c 1980 
650 |a study, method of 
980 |a Trung tâm Học liệu Trường Đại học Cần Thơ